History of canal irrigation in coastal Orissa 1866-1947 (Record no. 26952)

MARC details
000 -LEADER
fixed length control field 01684nam a22001697a 4500
020 ## - INTERNATIONAL STANDARD BOOK NUMBER
ISBN 9789388937443
082 ## - DEWEY DECIMAL CLASSIFICATION NUMBER
Classification number 627.5254133
100 ## - MAIN ENTRY--AUTHOR NAME
Personal name Dash, Baira Ganjan
245 ## - TITLE STATEMENT
Title History of canal irrigation in coastal Orissa 1866-1947
Statement of responsibility, etc /Baira Ganjan Dash
260 ## - PUBLICATION, DISTRIBUTION, ETC. (IMPRINT)
Place of publication New Delhi
Name of publisher Concept Publishing Company
Year of publication 2020
300 ## - PHYSICAL DESCRIPTION
Number of Pages 152p.
520 ## - SUMMARY, ETC.
Summary, etc History of Canal Irrigation in Coastal Orissa: 1866-1947 presents an authoritative description of the history of what was known as canal system in coastal colonial Orissa. The text is a strictly original work and primarily based on the author's research on economic history of Orissa. The main features of canal irrigation have been given in full detail for a clear-cut understanding of canal irrigation. Challenging earlier interpretations, the book moves away from a largely colonial or masterly narrative to a realistic history. The work provides a detailed account of the extension of canal irrigation system starting from its beginning. It also explains what led to the introduction of canal irrigation. A comprehensive study on various impacts of canal irrigation is also given and finally in disguisedly the book gives us important insights into the primary aim of the colonial rule which was the economic exploitation. A comprehensive textbook book for the students of economic history and interested readers, History of Canal Irrigation in Coastal Orissa: 1866-1947 is essential reading for a broader understanding of the economic history of colonial coastal Orissa.
650 ## - SUBJECT ADDED ENTRY--TOPICAL TERM
Topical Term Irrigation
Geographic subdivision India
-- Odisha
650 ## - SUBJECT ADDED ENTRY--TOPICAL TERM
Topical Term Irrigation canals and flumes
Geographic subdivision India
-- Odisha
650 ## - SUBJECT ADDED ENTRY--TOPICAL TERM
Topical Term Agriculture
Geographic subdivision India
-- Odisha
942 ## - ADDED ENTRY ELEMENTS (KOHA)
Source of classification or shelving scheme Dewey Decimal Classification
Koha item type Books
Holdings
Withdrawn status Lost status Damaged status Not for loan Home library Current library Date acquired Source of acquisition Cost, normal purchase price Full call number Accession Number Price effective from Koha item type
        NASSDOC Library NASSDOC Library 01/12/2021 Gratis: Academic Foundation 0.00 627.5254133 DAS-H 51807 01/12/2021 Books